000 00475nam a2200205Ia 4500
003 STCL
008 230726s9999 xx 000 0 und d
020 _a9788173719967
040 _aSTCL
_cSTCL
_bEN
082 _222
100 _aPal, G K
245 0 _aTextbook of practical physiology
250 _a4
260 _bUniversities Press
_aHyderabad
_c2016
300 _a472 p
365 _b650
546 _aEnglish
700 _aPal, Parvati
942 _2DDC
_e22
_cBKDDC
999 _c89735
_d89735